000 00453cam a22001457a 4500
008 180718b1963 xxu||||| |||| 00| 0 eng d
082 _aRx54 L175
100 _aLambert, Richard D.
245 _aWorkers, factories and social change in India
_cby Richard D. Lambert
260 _aBombay
_bAsia, Gokhale Institute of Politics & Economics
_c1963
300 _a247p.
650 _aIndustrilization
650 _aIndustry - India
650 _aLabour - India
999 _c370139
_d370139